000 003510000a22001450004500
041 0 _aSPA
082 0 4 _aG 822 B3965e
100 1 _aBeckett, Samuel (1906-)
245 1 0 _aEsperando a Godot fin de partida acto sin palabras / Samuel Beckett
250 _a5
260 _aBarcelona, EspaƱa : Barral
300 _a165 Pag
001 10930
942 _cBK
999 _c40329
_d40329